| 000 | 00370nam a22001337a 4500 | ||
|---|---|---|---|
| 999 |
_c521659 _d521659 |
||
| 008 | 230221b ||||| |||| 00| 0 eng d | ||
| 100 |
_aSuanlian, T. David _937376 |
||
| 245 | _aImpact of colonialism on paite folk music | ||
| 260 | _aSocial Scientist | ||
| 300 | _a50(3-4), Mar-Apr, 2022: p.53-70 | ||
| 773 | _aSocial Scientist | ||
| 906 | _aCULTURE | ||
| 942 | _cAR | ||